The theoretical determination of stability derivatives of bodies of revolution in hypersonic flows, including thickness effects /

Bibliographic Details
Main Author: Scott, C. J.
Format: Thesis Book
Language:English
Published: [Place of publication not identified], [publisher not identified] ; 1967.
Series:A.A.S.U. Report no. 267
Subjects:

MARC

Tag First Indicator Second Indicator Subfields
LEADER 00000cam a2200000 4500
001 in00000097997
005 20150925115406.0
008 800402s1967 xx a b 00010 eng d
035 |a (OCoLC)06160349 
035 |9 AAL3193AM 
040 |a TXA  |c TXA  |d UtOrBLW 
049 |a TXAM  |c [1336691] 
090 |a TL571.5  |b .S25 
100 1 |a Scott, C. J. 
245 1 4 |a The theoretical determination of stability derivatives of bodies of revolution in hypersonic flows, including thickness effects /  |c by C. J. Scott. 
264 1 |a [Place of publication not identified],  |b [publisher not identified] ;  |c 1967. 
300 |a 62 pages, 8 unnumbered pages :  |b illustrations 
336 |a text  |b txt  |2 rdacontent 
337 |a unmediated  |b n  |2 rdamedia 
338 |a volume  |b nc  |2 rdacarrier 
490 0 |a A.A.S.U. Report no. 267 
500 |a Cover title. 
502 |b M.S.  |c Southampton University. 
504 |a Bibliography: pages [64-70]. 
650 0 |a Aerodynamics, Hypersonic. 
650 0 |a Flutter (Aerodynamics) 
650 0 |a Stability of airplanes. 
999 |a MARS 
999 f f |s 9ca28253-95ab-3b70-a7e5-aa49a932d1f4  |i fcc72d5e-ae0a-356f-85af-e39badeaf3cc  |t 0 
952 f f |p ric  |a Texas A&M University  |b Rellis Campus  |c Joint Library Facility  |d Remote Storage  |t 0  |e TL571.5 .S25  |h Library of Congress classification  |i unmediated -- volume  |m A14805543220 
998 f f |a TL571.5 .S25  |t 0  |l Remote Storage